Germany Country Quiz - Statistics

General Stats
  • This quiz has been taken 179 times
    169 since last reset
  • The average score is 17 of 31
Answer Stats
Hint Answer % Correct
Capital of Bavaria Munich
99%
Second largest city in Germany Hamburg
86%
Largest city in Hesse Frankfurt
82%
Largest city not a state capital Cologne
79%
Currency Euro
79%
Above is on what river? Rhine River
78%
Above is on what river? Rhine River
78%
Capital of Baden-Wurttemburg Stuttgart
76%
Capital of Saxony Dresden
74%
Capital of North Rhine-Westphalia Dusseldorf
73%
Above is on what river? Elbe River
63%
Above is on what river? Elbe River
63%
Above is on what river? Main River
63%
Capital of Schleswig-Holstein Kiel
59%
Capital of Lower Saxony Hannover
54%
Highest Point Zugspitze
53%
Capital of Saarland Saarbrucken
51%
River between Germany and Poland Oder River
50%
Capital of Brandenburg Potsdam
50%
Largest Lake Bodensee
46%
Capital of Saxony-Anhalt Magdeburg
45%
Capital of Rhineland-Palatinate Mainz
45%
Berlin is on what river? Spree River
44%
Capital of Thuringia Erfurt
43%
Capital of Hesse Wiesbaden
42%
Above is on what river? Neckar River
27%
Largest German city on the Danube Ulm
23%
Mountain range in Lower Saxony, Saxony-Anhalt and Thuringia Harz Mountains
18%
Second largest lake Lake Muritz
16%
Above is on what river? Gera River
10%
Mountain range between Saxony and Bohemia Ore Mountains
8%
No matching quizzes found
Score Distribution
Percent of People with Each Score
Percentile by Number Answered
Your Score History
You have not taken this quiz since the last reset